Commercial arbitration / (Record no. 486)
| 000 -LEADER | |
|---|---|
| fixed length control field | 00594nam a22002177a 4500 |
| 003 - CONTROL NUMBER IDENTIFIER | |
| control field | OSt |
| 005 - DATE AND TIME OF LATEST TRANSACTION | |
| control field | 20140116120829.0 |
| 008 - FIXED-LENGTH DATA ELEMENTS--GENERAL INFORMATION | |
| fixed length control field | 111021t xxu||||| |||| 00| 0 eng d |
| 020 ## - INTERNATIONAL STANDARD BOOK NUMBER | |
| International Standard Book Number | 9780406311245 |
| 040 ## - CATALOGING SOURCE | |
| Transcribing agency | OC |
| 050 ## - LIBRARY OF CONGRESS CALL NUMBER | |
| Classification number | KD7645.M87 1989 |
| 100 ## - MAIN ENTRY--PERSONAL NAME | |
| Personal name | Mustill, Michael |
| 245 ## - TITLE STATEMENT | |
| Title | Commercial arbitration / |
| Statement of responsibility, etc | Michael J. Musill and Stewart C. Boyd |
| 250 ## - EDITION STATEMENT | |
| Edition statement | 2nd. |
| 260 ## - PUBLICATION, DISTRIBUTION, ETC. (IMPRINT) | |
| Place of publication, distribution, etc | London : |
| Name of publisher, distributor, etc | Butterworths , |
| Date of publication, distribution, etc | 1989 . |
| 300 ## - PHYSICAL DESCRIPTION | |
| Extent | lxxvii, 835 p. |
| 504 ## - BIBLIOGRAPHY, ETC. NOTE | |
| Bibliography, etc | Includes bibliography and index |
| 650 ## - SUBJECT ADDED ENTRY--TOPICAL TERM | |
| Topical term or geographic name as entry element | Commercial arbitration. |
| 700 ## - ADDED ENTRY--PERSONAL NAME | |
| Personal name | Boyd, Stewart |
| 942 ## - ADDED ENTRY ELEMENTS (KOHA) | |
| Source of classification or shelving scheme | |
| Koha item type | Book |
| Withdrawn status | Lost status | Source of classification or shelving scheme | Damaged status | Not for loan | Home library | Current library | Date acquired | Source of acquisition | Total Checkouts | Full call number | Barcode | Date last seen | Date checked out | Copy number | Price effective from | Koha item type |
|---|---|---|---|---|---|---|---|---|---|---|---|---|---|---|---|---|
| Riara University Library | Riara University Library | 21/10/2011 | Purchase | 1 | KD7645.M87 1989 | 790/11 | 28/03/2025 | 12/03/2025 | C.1 | 21/10/2011 | Book | |||||
| Riara University Library | Riara University Library | 21/10/2011 | Purchase | 1 | KD7645.M87 1989 | 789/11 | 24/07/2014 | 20/05/2013 | C.2 | 21/10/2011 | Book | |||||
| Riara University Library | Riara University Library | 21/10/2011 | Purchase | KD7645.M87 1989 | 788/11 | 21/10/2011 | C.3 | 21/10/2011 | Book |
